000
00262nam a2200109Ia 4500
008
190216s9999||||xx |||||||||||||| ||und||
100
_a
Soman. K
245
0
_a
Bhasha Shashthra Shabdavali
260
_b
Kerala Basha Inst
650
_a
General Science
942
_c
BK
999
_c
37521
_d
37521